Digital Britain (Record no. 109765)

MARC details
000 -LEADER
fixed length control field 01779cad a22002655a 4500
001 - CONTROL NUMBER
control field E147889
008 - FIXED-LENGTH DATA ELEMENTS--GENERAL INFORMATION
fixed length control field 090626s2009 xxk f f000 0 eng d
020 ## - INTERNATIONAL STANDARD BOOK NUMBER
International Standard Book Number 9780101765022
035 ## - SYSTEM CONTROL NUMBER
System control number (Sirsi) u147889
041 0# - LANGUAGE CODE
Language code of text/sound track or separate title eng
050 04 - LIBRARY OF CONGRESS CALL NUMBER
Classification number 711.1 $2 18
110 2# - MAIN ENTRY--CORPORATE NAME
Corporate name or jurisdiction name as entry element United Kingdom
Subordinate unit Department for Culture, Media and Sport
245 00 - TITLE STATEMENT
Title Digital Britain
Remainder of title final report
Medium [electronic resource]
260 ## - PUBLICATION, DISTRIBUTION, ETC.
Place of publication, distribution, etc. Kew
Name of publisher, distributor, etc. OPSI
Date of publication, distribution, etc. 2009
490 #0 - SERIES STATEMENT
Series statement Cm
Volume/sequential designation 7650
505 2# - FORMATTED CONTENTS NOTE
Formatted contents note Executive Summary -- Chapter 2: being digital -- Chapter 3a: a competitive digital communications infrastructure -- Chapter 3b: radio, going digital -- Chapter 4: creative industries in the digital world -- Chapter 5: public service content in digital Britain -- Chapter 6: research, education and skills for digital Britain -- Chapter 7: digital security and safety -- Chapter 8: the journey to digital government -- Chapter 9: delivering digital Britain -- Annex: actions from the interim report
520 ## - SUMMARY, ETC.
Summary, etc. Sets out policies and recommendations aimed at ensuring a digital and communications infrastructure which will enhance innovation in the creative industries, modernise TV and radio frameworks, and support local news. Also presents ideas aimed at maximising the social and economic benefits that digital technologies can bring. Takes account of responses to the interim Digital Britain report, published in January 2009.
521 ## - TARGET AUDIENCE NOTE
Target audience note Advanced
590 ## - LOCAL NOTE (RLIN)
Local note KA
651 #4 - SUBJECT ADDED ENTRY--GEOGRAPHIC NAME
Geographic name United Kingdom
Chronological subdivision
690 ## - LOCAL SUBJECT ADDED ENTRY--TOPICAL TERM (OCLC, RLIN)
Topical term or geographic name as entry element PROPERTY-INFRASTRUCTURE-TELECOMMUNICATIONS INFRASTRUCTURE
710 1# - ADDED ENTRY--CORPORATE NAME
Corporate name or jurisdiction name as entry element United Kingdom
Subordinate unit Department for Business, Innovation and Skills
9 (RLIN) 5760
856 40 - ELECTRONIC LOCATION AND ACCESS
Uniform Resource Identifier <a href="https://www.gov.uk/government/publications/digital-britain-final-report">https://www.gov.uk/government/publications/digital-britain-final-report</a>
Public note View the report free of charge at www.gov.uk...
942 ## - ADDED ENTRY ELEMENTS (KOHA)
Suppress in OPAC 0
Holdings
Withdrawn status Lost status Source of classification or shelving scheme Damaged status Not for loan Home library Current library Shelving location Date acquired Total Checkouts Full call number Barcode Date last seen Copy number Price effective from Koha item type
    Dewey Decimal Classification     Virtual Virtual Online 26/06/2009   ONLINE PUBLICATION 147889-2001 06/08/2019 1 06/08/2019 Book